000 00721nam a2200205 a 4500
001 000034489
005 20200930073728.0
008 111005s2006 ko 000 0 spa d
020 _a897300698304810
040 _aDO-SdBNP
_bspa
_cBNPHU
100 1 _aKim, Tʻae-jun,
_d1939-
_959932
240 1 0 _aHanʾguk ûi yôhaeng munhak
_lEnglish
245 1 0 _aKorean travel literature /
_cKim Tae Joon ; translated by Lee Kyong-hee.
260 _aKorea :
_bEwha Woman University Press,
_c2006.
300 _a157 p. :
_bil., map., retrs. ;
_c19 cm.
490 1 _aThe Spirit of Korean cultural roots ;
_v16
700 1 2 _aLee, Kyong-hee,
_d1947-
_959933
830 0 _aThe Spirit of Korean cultural roots ;
_v16
_959934
049 _aBNPD
999 _c33980
_d33980